Controlar las costas e incentivar la eficiencia : la necesidad de evaluación objetiva de la enseñanza obligatoria (Record no. 65018)

MARC details
000 -CABECERA
campo de control de longitud fija 00626nam a2200193 a 4500
005 - FECHA Y HORA DE LA ÚLTIMA TRANSACCIÓN
campo de control 20210219152951.0
008 - ELEMENTOS DE LONGITUD FIJA--INFORMACIÓN GENERAL
campo de control de longitud fija 991125n 000 0 spa u
035 ## - NÚMERO DE CONTROL DEL SISTEMA
Número de control de sistema UPN01000069559
100 ## - ASIENTO PRINCIPAL--NOMBRE PERSONAL
Nombre de persona SAN SEGUNDO, María Jesús
222 ## - TÍTULO CLAVE
Título clave REVISTA ESPAÑOLA DE PEDAGOGIA
245 ## - MENCIÓN DE TÍTULO
Título Controlar las costas e incentivar la eficiencia : la necesidad de evaluación objetiva de la enseñanza obligatoria
300 ## - DESCRIPCIÓN FÍSICA
Extensión 87-99
362 ## - FECHAS DE PUBLICACIÓN Y/O DESIGNACIÓN SECUENCIAL
Fecha de publicación y/o designación secuencial 1988 Año 46, no. 179, ene,.abr.
653 0# - TERMINO DE INDIZACION - NO CONTROLADO
Término no controlado ANALISIS COSTO-EFICIENCIA
653 0# - TERMINO DE INDIZACION - NO CONTROLADO
Término no controlado COSTOS EDUCATIVOS
653 0# - TERMINO DE INDIZACION - NO CONTROLADO
Término no controlado EFICIENCIA ECONOMICA
904 ## - ELEMENTOS DE DATOS D LOCAL, LDD (RLIN)
a AC
b 007370
905 ## - TIPO DE MATERIAL
Tipo de material Articulo

No items available.